|
|
|
|
| LEADER |
01778nam a2200505 a 4500 |
| 001 |
000669993 |
| 003 |
CZ BrMZK |
| 005 |
20070525141102.0 |
| 007 |
ta |
| 008 |
030514s2003 xo g 000 fbhun d |
| 020 |
|
|
|a 80-7149-516-6
|q (váz.)
|
| 040 |
|
|
|a BOA001
|b cze
|
| 041 |
1 |
|
|a hun
|h cze
|
| 043 |
|
|
|a e-xr---
|
| 072 |
|
7 |
|a 821.162.3-3
|x Česká próza
|2 Konspekt
|9 25
|
| 080 |
|
|
|a 821.162.3-31
|2 MRF
|
| 080 |
|
|
|a 929
|2 MRF
|
| 080 |
|
|
|a 929.732
|2 MRF
|
| 080 |
|
|
|a 355.083
|2 MRF
|
| 080 |
|
|
|a 355.483(4)"1618/1648"
|2 MRF
|
| 080 |
|
|
|a 94(4)"1618/1648"
|2 MRF
|
| 080 |
|
|
|a (437.3)
|2 MRF
|
| 080 |
|
|
|a (0:82-311.6)
|2 MRF
|
| 080 |
|
|
|a (0:82-312.6)
|2 MRF
|
| 100 |
1 |
|
|a Durych, Jaroslav,
|d 1886-1962
|7 jk01023358
|4 aut
|
| 245 |
1 |
0 |
|a Wallenstein árnyai /
|c Jaroslav Durych ; [fordította Sinkó Ferenc]
|
| 250 |
|
|
|a 1. vyd.
|
| 260 |
|
|
|a Pozsony :
|b Kalligram,
|c 2003
|
| 300 |
|
|
|a 723 s. ;
|c 23 cm
|
| 500 |
|
|
|a Tiráž maďarsky a slovensky
|
| 500 |
|
|
|a Vydavatel: László Szigeti
|
| 500 |
|
|
|a Přeloženo z češtiny
|
| 541 |
|
|
|a Praha, Ministerstvo kultury
|
| 600 |
1 |
7 |
|a <<z >>Valdštejna, Albrecht,
|c vévoda,
|d 1583-1634
|7 jn20000720002
|2 czenas
|
| 650 |
0 |
7 |
|a vévodové
|7 ph187624
|z Česko
|y 16.-17. stol.
|2 czenas
|
| 650 |
0 |
7 |
|a generálové
|7 ph120479
|z Česko
|y 16.-17. stol.
|2 czenas
|
| 650 |
0 |
7 |
|a třicetiletá válka, 1618-1648
|7 ph126846
|2 czenas
|
| 655 |
|
7 |
|a české romány
|7 fd133974
|2 czenas
|
| 655 |
|
7 |
|a historické romány
|7 fd132414
|2 czenas
|
| 655 |
|
7 |
|a biografické romány
|7 fd131905
|2 czenas
|
| 700 |
1 |
|
|a Sinkó, Ferenc,
|d 1912-1990
|7 mzk2003181763
|4 trl
|
| 765 |
0 |
|
|t Bloudění
|9 Maďarsky
|
| 910 |
|
|
|a BOA001
|b M2-1118.906
|
| 990 |
|
|
|a BK
|
| 996 |
7 |
|
|b 2610189458
|c M2-1118.906
|l MZK
|r Sklad / do 24 hodin
|n 0
|p dar
|w 000669993
|u 000010
|a 1
|e BOA001
|j MZK50
|s A
|